| 000 | 01678nam a2200421Ii 4500 | ||
|---|---|---|---|
| 001 | DIGGENED031 | ||
| 003 | NyNyDIG | ||
| 007 | cr ||||||||||| | ||
| 008 | 230614s2022 sp ob 000 0 spa d | ||
| 006 | m o d | ||
| 020 |
_a9788418452123 _qpdf |
||
| 020 |
_z9788418452116 _qrústica |
||
| 035 | _a(OCoLC)1386279335 | ||
| 040 |
_aDGITA _beng _erda _epn _cDGITA |
||
| 050 | 1 | 4 | _aPQ6613.O78 ebook |
| 100 | 1 |
_aAyala, Francisco Javier, _d1974- _eauthor. |
|
| 245 | 1 | 0 |
_aTu canción entre sus canciones : _bJosé Agustín Goytisolo y la música / _cFrancisco Javier Ayala. |
| 264 | 1 |
_a[España] : _bGenueve Ediciones, _c[2022] |
|
| 300 | _a1 online resource. | ||
| 336 |
_atext _btxt _2rdacontent |
||
| 337 |
_acomputer _bc _2rdamedia |
||
| 338 |
_aonline resource _bcr _2rdacarrier |
||
| 347 |
_atext file _2rdaft |
||
| 347 | _bEPUB | ||
| 490 | 1 |
_aColección Ciencias sociales y humanidades ; _v31 |
|
| 504 | _aIncludes bibliographical references. | ||
| 588 | 0 | _aOnline resource; title from ePub title page (Digitalia, viewed June 14, 2023) | |
| 600 | 1 | 0 |
_aGoytisolo, José Agustín, _d1928-1999 _xCriticism and interpretation. |
| 650 | 0 | _aPopular music. | |
| 650 | 0 | _aMusic and literature. | |
| 791 | 2 |
_aDigitalia (Firm), _edistributor. |
|
| 793 | 0 |
_gDigitalia eBook Collection: _aGenueve Ediciones |
|
| 776 | 0 | 8 |
_iPrint version: _aAyala, Francisco Javier, 1974- _tTu canción entre sus canciones. _d[España] : Genueve Ediciones, [2022] _z9788418452116 |
| 830 | 0 |
_aColección Ciencias sociales y humanidades ; _v31. |
|
| 856 | 4 | 0 |
_3Digitalia Hispánica _uhttps://www.digitaliapublishing.com/a/125716/ |
| 910 | _aPremium collection: 2022 | ||
| 942 | _cRAA | ||
| 999 |
_c277578 _d277578 |
||